Las vacaciones de Franz / (Registro nro. 6449)
[ vista simple ]
| 000 -CABECERA | |
|---|---|
| campo de control de longitud fija | 01555 a2200301 4500 |
| 008 - CÓDIGOS DE INFORMACIÓN DE LONGITUD FIJA | |
| fixed length control field | 131112s1994 ck a br|||| 00| 0dspa d |
| 020 ## - NÚMERO INTERNACIONAL NORMALIZADO PARA LIBROS | |
| ISBN | 9580419310 |
| 040 ## - Fuente de catalogación | |
| Agencia original de catalogación | CO-BoUCM |
| Lenguaje de catalogación | spa |
| Agencia de transcripción | CO-JMCR |
| Agencia de modificación | Jose A. Gerena |
| 041 10 - CÓDIGO DE LENGUA | |
| Código idioma | spa |
| Language code of original | ale |
| 082 04 - NÚMERO DE LA CLASIFICACIÓN DECIMAL DEWEY | |
| Número de clasificación Decimal | N |
| Número de documento (Cutter) | NOSv |
| 100 1# - PUNTO DE ACCESO PRINCIPAL-NOMBRE DE PERSONA | |
| Nombre personal | Ns̲tlinger, Christine, |
| Término de función/relación | autor |
| 9 (RLIN) | 47785 |
| 245 14 - TÍTULO PROPIAMENTE DICHO | |
| Título | Las vacaciones de Franz / |
| Mención de responsabilidad, etc. | Christine Ns̲tlinger ; traducción̤ de Rafael Arteaga |
| 250 ## - DECLARACIÓN DE EDICIÓN | |
| Declaración de edición | Duodécima edición |
| 260 ## - PUBLICACIÓN, DISTRIBUCIÓN, ETC. (PIE DE IMPRENTA) | |
| Lugar de publicación, distribución, etc. | Bogotá : |
| Nombre del editor, distribuidor, etc. | Norma, |
| Fecha de publicación, distribución, etc. | 1994 |
| 300 ## - DESCRIPCIÓN FÍSICA | |
| Extensión | 69 páginas : |
| Otros detalles físicos | ilustraciones a blanco y negro ; |
| Dimensiones | 19 cm. |
| 500 ## - NOTA GENERAL | |
| Nota general | Datos biográficos del autor en tapa posterior. |
| 505 ## - NOTA DE CONTENIDO FORMATADO | |
| Nota de contenido formateada | Lo que hay saber acerca de Franz -- Las cosas que alegran a Franz -- Franz se queda en distintos lugares -- de cómo soluciono Franz su problema -- La huelga de Franz -- De cómo se vengo Franz |
| 520 ## - RESUMEN, ETC. | |
| Resumen,etc. | Franz pasara parte de sus vacaciones en una casa vacacional para niños, pero, a medida que se acerca el día de la partida, la idea le gusta menos: nunca antes había estado lejos de sus padres o de su abuela. Sin embargo, su estadía sera más divertida de lo que se lo imagina. |
| 546 ## - LANGUAGE NOTE | |
| Language note | título original Feriengeschichten Von Franz |
| 586 ## - AWARDS NOTE | |
| Awards note | Premio Hans Christian Andersen tomado de tapa posterior. |
| 650 #7 - TÉRMINO DE MATERIA | |
| 9 (RLIN) | 18524 |
| 650 #7 - TÉRMINO DE MATERIA | |
| 9 (RLIN) | 20374 |
| 650 #7 - TÉRMINO DE MATERIA | |
| 9 (RLIN) | 41452 |
| 700 1# - AUTOR SECUNDARIO - PERSONA | |
| Nombre de persona | Arteaga, Rafael |
| 9 (RLIN) | 50165 |
| 765 ## - ORIGINAL LANGUAGE ENTRY | |
| Title | Feringeschichten von Franz |
| Withdrawn status | Lost status | Source of classification or shelving scheme | Damaged status | Not for loan | Home library | Current library | Shelving location | Date acquired | Source of acquisition | Cost, normal purchase price | Total Checkouts | Total Renewals | Full call number | Barcode | Date last seen | Date last checked out | Copy number | Price effective from | Koha item type |
|---|---|---|---|---|---|---|---|---|---|---|---|---|---|---|---|---|---|---|---|
| Dewey Decimal Classification | Biblioteca Pública José María del Castillo y Rada | Biblioteca Pública José María del Castillo y Rada | Processing Center | 02/07/2020 | Donación | 0.00 | 12 | 4 | N NOSv | 201809709 | 04/06/2026 | 04/06/2026 | Ej.1 | 02/07/2020 | Books |